[Event "GER-ch U12"]
[Site "Willingen"]
[Date "2008.05.14"]
[Round "7"]
[White "Abdelrazeh, Ahmed"]
[Black "Viereck, Marten"]
[Result "1-0"]
[WhiteElo "1673"]
[BlackElo "1414"]
[PlyCount "49"]
[EventDate "2008.05.11"]
[EventType "swiss"]
[EventRounds "11"]
[EventCountry "GER"]
[SourceTitle "CBM 124 Extra"]
[Source "ChessBase"]
[SourceDate "2008.07.03"]
[SourceVersion "1"]
[SourceVersionDate "2008.07.03"]
[SourceQuality "1"]

1. e4 c5 2. Nf3 Nc6 3. d4 cxd4 4. Nxd4 Nf6 5. Nc3 e6 6. Be3 Be7 7. f4 d5 8. e5 Nd7 9. Qg4 Nxd4 10. Bxd4 Rg8 11. Bd3 g6 12. 0-0-0 Bc5 13. Bxc5 Nxc5 14. Nb5 h5 15. Nd6+ Kf8 16. Qf3 h4 17. g4 Qa5 18. a3 Qc7 19. Qf2 Rh8 20. Rhf1 a6 21. f5 gxf5 22. gxf5 Nxd3+ 23. Rxd3 Rh5 24. Rc3 Qd8 25. Qc5 1-0

[Event "Baden-ch U12"]
[Site "Neuenbuerg/Enz"]
[Date "2008.01.04"]
[Round "2"]
[White "Abdelrazeh, Ahmed"]
[Black "Herwig, Carsten"]
[Result "1-0"]
[WhiteElo "1714"]
[BlackElo "1106"]
[PlyCount "121"]
[EventDate "2008.01.04"]
[EventType "swiss"]
[EventRounds "7"]
[EventCountry "GER"]
[SourceTitle "EXT 2009"]
[Source "ChessBase"]
[SourceDate "2008.11.26"]
[SourceVersion "1"]
[SourceVersionDate "2008.11.26"]
[SourceQuality "1"]

1. e4 e6 2. d4 d5 3. Nc3 c5 4. Nf3 Nc6 5. Bb5 a6 6. Be2 Nge7 7. Be3 Qb6 8. Rb1 Ng6 9. exd5 exd5 10. Nxd5 Qa5+ 11. Nc3 Be7 12. dxc5 Bxc5 13. Bxc5 Qxc5 14. 0-0 0-0 15. Qd5 Qxd5 16. Nxd5 Bf5 17. Ne3 Be4 18. Ng5 Rfe8 19. Nxe4 Rxe4 20. Rbd1 Nf4 21. Bf3 Ree8 22. Bxc6 bxc6 23. g3 Ne6 24. Rd6 Rac8 25. Rfd1 g6 26. Nc4 Kg7 27. Na5 Red8 28. Kf1 Rxd6 29. Rxd6 Nd8 30. Ke2 Kf8 31. Kd3 Ke7 32. Nc4 Nb7 33. Rd4 Rc7 34. Kc3 c5 35. Rd5 Ke6 36. Re5+ Kf6 37. f4 h5 38. Ne3 Kg7 39. Nc4 Kf6 40. h3 Nd8 41. Nd2 Ne6 42. Ne4+ Kg7 43. Kc4 Nd4 44. Rxc5 Rxc5+ 45. Nxc5 Nxc2 46. Nxa6 Kf6 47. b4 g5 48. fxg5+ Kxg5 49. b5 h4 50. gxh4+ Kxh4 51. b6 f5 52. b7 f4 53. b8Q f3 54. Qf4+ Kh5 55. Qxf3+ Kh6 56. Qf4+ Kg7 57. Qg5+ Kh8 58. Nc7 Na3+ 59. Kc5 Kh7 60. Ne6 Nb5 61. Qg7# 1-0

[Event "Baden-ch U12"]
[Site "Neuenbuerg/Enz"]
[Date "2008.01.04"]
[Round "3"]
[White "Ruff, Maximilian"]
[Black "Abdelrazeh, Ahmed"]
[Result "0-1"]
[WhiteElo "1457"]
[BlackElo "1714"]
[PlyCount "136"]
[EventDate "2008.01.04"]
[EventType "swiss"]
[EventRounds "7"]
[EventCountry "GER"]
[SourceTitle "EXT 2009"]
[Source "ChessBase"]
[SourceDate "2008.11.26"]
[SourceVersion "1"]
[SourceVersionDate "2008.11.26"]
[SourceQuality "1"]

1. e4 e5 2. Nf3 Nc6 3. Bc4 Bc5 4. d3 h6 5. Nc3 d6 6. Be3 Nf6 7. 0-0 Bg4 8. Qe2 0-0 9. Rfe1 Nd4 10. Bxd4 Bxd4 11. Nd1 Re8 12. c3 Bb6 13. Ne3 Bxe3 14. fxe3 c6 15. Qf2 Qe7 16. Nh4 Rad8 17. h3 Bc8 18. Bb3 d5 19. exd5 cxd5 20. Bc2 Qd6 21. d4 exd4 22. exd4 Ne4 23. Bxe4 Rxe4 24. Rxe4 dxe4 25. Nf5 Bxf5 26. Qxf5 Re8 27. Re1 g6 28. Qf2 Kg7 29. c4 f5 30. d5 b6 31. Qd2 Qc5+ 32. Qe3 Qxc4 33. Qc3+ Qxc3 34. bxc3 Rc8 35. Rc1 Rc5 36. c4 Kf7 37. Kf2 b5 38. Rb1 a6 39. a4 bxc4 40. Rb7+ Kf6 41. Rb6+ Kg5 42. d6 a5 43. Rb5 Rc6 44. Rxa5 Rxd6 45. Rc5 Rd4 46. Ke3 Rd3+ 47. Ke2 c3 48. a5 Rd2+ 49. Ke3 Rxg2 50. Rxc3 Ra2 51. Rc5 h5 52. Rb5 Ra3+ 53. Kf2 Rxh3 54. a6 Ra3 55. Rb6 h4 56. Kg2 h3+ 57. Kh2 e3 58. Re6 Kf4 59. Rxg6 e2 60. Re6 Kf3 61. Re5 f4 62. Re6 Ra1 63. a7 Rxa7 64. Re8 Ra1 65. Rb8 Rh1+ 66. Kxh1 e1Q+ 67. Kh2 Qg3+ 68. Kh1 Qg2# 0-1

[Event "GER-ch U12"]
[Site "Willingen"]
[Date "2007.05.30"]
[Round "8"]
[White "Abdelrazeh, Ahmed"]
[Black "Moritz, Aron"]
[Result "1-0"]
[WhiteElo "1693"]
[BlackElo "1494"]
[PlyCount "47"]
[EventDate "2007.05.26"]
[EventType "swiss"]
[EventRounds "11"]
[EventCountry "GER"]
[SourceTitle "CBM 118 Extra"]
[Source "ChessBase"]
[SourceDate "2007.07.04"]
[SourceVersion "1"]
[SourceVersionDate "2007.07.04"]
[SourceQuality "1"]

1. e4 c5 2. Nf3 d6 3. d4 cxd4 4. Nxd4 Nf6 5. Nc3 g6 6. f4 Bg7 7. e5 dxe5 8. fxe5 Ng4 9. Bb5+ Bd7 10. Qxg4 0-0 11. Bxd7 Nxd7 12. Nf3 Qc7 13. Bf4 Nxe5 14. Bxe5 Bxe5 15. Nxe5 Qxe5+ 16. Qe4 Qxe4+ 17. Nxe4 Rac8 18. 0-0-0 Rc7 19. Rd2 f5 20. Ng5 Rf6 21. Re1 Rd6 22. Rxd6 exd6 23. Re8+ Kg7 24. Ne6+ 1-0

[Event "GER-ch U12"]
[Site "Willingen"]
[Date "2007.05.30"]
[Round "7"]
[White "Hampel, Felix"]
[Black "Abdelrazeh, Ahmed"]
[Result "1-0"]
[WhiteElo "1879"]
[BlackElo "1693"]
[PlyCount "91"]
[EventDate "2007.05.26"]
[EventType "swiss"]
[EventRounds "11"]
[EventCountry "GER"]
[SourceTitle "CBM 118 Extra"]
[Source "ChessBase"]
[SourceDate "2007.07.04"]
[SourceVersion "1"]
[SourceVersionDate "2007.07.04"]
[SourceQuality "1"]

1. e4 c6 2. d4 d5 3. Nc3 dxe4 4. Nxe4 Bf5 5. Ng3 Bg6 6. Bc4 e6 7. N1e2 Bd6 8. h4 h6 9. Nf4 Bh7 10. Ngh5 Bf8 11. Be3 Nd7 12. Qe2 Qe7 13. 0-0-0 Ngf6 14. g4 Nxh5 15. Nxh5 Be4 16. Rh3 Nf6 17. Nxf6+ gxf6 18. Kb1 Bg6 19. Bf4 Bg7 20. Rg3 0-0 21. Qd2 b5 22. Bf1 Rfd8 23. Bxh6 c5 24. Bxg7 Kxg7 25. h5 Rxd4 26. Qe2 Rxd1+ 27. Qxd1 Bh7 28. Bxb5 Rd8 29. Qe1 Qd6 30. Kc1 Qf4+ 31. Qe3 Qd6 32. Be2 Kh8 33. g5 f5 34. f4 Rg8 35. Qc3+ Qd4 36. Rd3 Qxc3 37. Rxc3 Rc8 38. Kd2 Kg7 39. Ke3 f6 40. g6 Bg8 41. b4 e5 42. Rxc5 Rxc5 43. bxc5 Bxa2 44. c6 Bd5 45. Bb5 Kh6 46. c7 1-0

[Event "Baden-ch HT1"]
[Site "Oberwinden"]
[Date "2007.04.12"]
[Round "9"]
[White "Maier, Maximilian"]
[Black "Abdelrazeh, Ahmed"]
[Result "0-1"]
[WhiteElo "1667"]
[BlackElo "1696"]
[PlyCount "46"]
[EventDate "2007.04.06"]
[EventType "swiss"]
[EventRounds "11"]
[EventCountry "GER"]
[SourceTitle "CBM 117 Extra"]
[Source "ChessBase"]
[SourceDate "2007.05.09"]
[SourceVersion "1"]
[SourceVersionDate "2007.05.09"]
[SourceQuality "1"]

1. d4 Nf6 2. c4 e5 3. d5 Bc5 4. Bg5 Bxf2+ 5. Kxf2 Ng4+ 6. Ke1 Qxg5 7. Nf3 Qe3 8. Qd2 Qf2+ 9. Kd1 Ne3+ 10. Kc1 Nxf1 11. Qe1 Qxe1+ 12. Nxe1 Ne3 13. Nd2 d6 14. b3 c6 15. dxc6 Nxc6 16. Kb2 Nd4 17. Ne4 Ke7 18. Nc3 f5 19. Nf3 Nxf3 20. exf3 f4 21. Nd5+ Nxd5 22. cxd5 Bf5 23. Rac1 Rac8 0-1

[Event "Baden-ch HT1"]
[Site "Oberwinden"]
[Date "2007.04.11"]
[Round "8"]
[White "Abdelrazeh, Ahmed"]
[Black "Dinger, Felix"]
[Result "1/2-1/2"]
[WhiteElo "1696"]
[BlackElo "1796"]
[PlyCount "48"]
[EventDate "2007.04.06"]
[EventType "swiss"]
[EventRounds "11"]
[EventCountry "GER"]
[SourceTitle "CBM 117 Extra"]
[Source "ChessBase"]
[SourceDate "2007.05.09"]
[SourceVersion "1"]
[SourceVersionDate "2007.05.09"]
[SourceQuality "1"]

1. e4 e6 2. d4 d5 3. e5 c5 4. c3 Nc6 5. Nf3 Qb6 6. a3 Nh6 7. b4 cxb4 8. cxb4 Nf5 9. Bb2 Bd7 10. Be2 Be7 11. 0-0 0-0 12. Kh1 Rac8 13. Nc3 Nb8 14. Qd2 Na6 15. Rac1 Nc7 16. Rc2 a5 17. bxa5 Qxa5 18. Rfc1 Ra8 19. a4 b5 20. axb5 Bxb5 21. Bxb5 Nxb5 22. Nxb5 Qxb5 23. Qc3 Ra2 24. Ba1 Rxc2 1/2-1/2

[Event "Baden-ch HT1"]
[Site "Oberwinden"]
[Date "2007.04.10"]
[Round "6"]
[White "Abdelrazeh, Ahmed"]
[Black "Pfleger, Juergen"]
[Result "1/2-1/2"]
[WhiteElo "1696"]
[BlackElo "1839"]
[PlyCount "35"]
[EventDate "2007.04.06"]
[EventType "swiss"]
[EventRounds "11"]
[EventCountry "GER"]
[SourceTitle "CBM 117 Extra"]
[Source "ChessBase"]
[SourceDate "2007.05.09"]
[SourceVersion "1"]
[SourceVersionDate "2007.05.09"]
[SourceQuality "1"]

1. e4 d5 2. exd5 Qxd5 3. Nc3 Qd6 4. Nf3 Bg4 5. Be2 Nf6 6. 0-0 e6 7. d4 Be7 8. Be3 0-0 9. Qd2 a6 10. Rfd1 Nc6 11. a3 Rfd8 12. h3 Bh5 13. Bf4 Qd7 14. Ne5 Nxe5 15. dxe5 Qxd2 16. Rxd2 Rxd2 17. Bxd2 Ne4 18. Bxh5 1/2-1/2